| 000 | 00000nam 2200000za 4500 |
| 001 | 9.816755 |
| 003 | CaOODSP |
| 005 | 20221107142322 |
| 007 | cr ||||||||||| |
| 008 | 160503s2008 onc #o f000 0 fre d |
| 040 | |aCaOODSP|bfre |
| 043 | |an-cn--- |
| 086 | 1 |aCH4-174/2008F-PDF |
| 245 | 00|aRestructuration des programmes fédéraux destinés à l'industrie des périodiques |h[ressource électronique] : |bdocument de travail visant à orienter les consultations. |
| 260 | |a[Ottawa] : |bPatrimoine canadien, |c2008. |
| 300 | |a16 p. |
| 500 | |aPubli. aussi en anglais sous le titre : Redesigning federal programs for the periodical industry - a discussion paper to guide consultations. |
| 504 | |aComprend des réf. bibliogr. |
| 692 | 07|2gccst|aÉdition |
| 692 | 07|2gccst|aProgramme fédéral |
| 710 | 1 |aCanada. |bPatrimoine canadien. |
| 775 | 08|tRedesigning federal programs for the periodical industry |w(CaOODSP)9.816751 |
| 856 | 40|qPDF|s49 Ko|uhttps://publications.gc.ca/collections/collection_2016/pch/CH4-174-2008-fra.pdf |